=LDR 00000nam 2200000 4500 =001 INLIS000000000017548 =005 20130612112747 =008 ***********************************Ind** =035 ##$$0010-061300000017548 =041 ##$$a Ind =082 ##$$a 634.6 =090 ##$$a 634.6, Sun b =100 ##$$a Sunarjono, H. Hendro =245 ##$$a Berkebun 21 jenis tanaman buah, Drs. H. Hendro Sumarjono =260 ##$$a 2005 $b Jakarta =300 ##$$a viii, 175 hlm, ilus, 23 cm =650 ##$$a Buah-buahan daerah tropis =850 ##$$a NBPNMAT